Vegetables in Turkish - Statistics

General Stats
  • This quiz has been taken 39 times
  • The average score is 14 of 24
Answer Stats
Picture Answer % Correct
Domates
94%
Patates
88%
Biber
82%
Mısır
82%
Soğan
82%
Havuç
76%
Mantar
76%
Patlıcan
76%
Lahana
65%
Sarımsak
65%
Marul
59%
Salatalık
59%
Ispanak
53%
Kabak
53%
Enginar
47%
Maydanoz
47%
Turp
47%
Karnabahar
41%
Bal Kabağı
35%
Pırasa
35%
Bezelye
29%
Dereotu
29%
Kuşkonmaz
29%
Kereviz
12%
No matching quizzes found
Score Distribution
Percent of People with Each Score
Percentile by Number Answered
Your Score History
You have not taken this quiz